UBT Library

Krause's food & nutrition therapy / (Record no. 44522)

000 -LEADER
fixed length control field 00753cam a22002534a 4500
001 - CONTROL NUMBER
control field 15131760
005 - DATE AND TIME OF LATEST TRANSACTION
control field 20180309033400.0
008 - FIXED-LENGTH DATA ELEMENTS--GENERAL INFORMATION
fixed length control field 080108s2008 paua b 001 0 eng
010 ## - LIBRARY OF CONGRESS CONTROL NUMBER
LC control number 2008270160
020 ## - INTERNATIONAL STANDARD BOOK NUMBER
International Standard Book Number 9781416034018
040 ## - CATALOGING SOURCE
Original cataloging agency DLC
Transcribing agency DLC
Modifying agency DLC
041 ## - LANGUAGE CODE
Language code of text/sound track or separate title eng
042 ## - AUTHENTICATION CODE
Authentication code pcc
080 ## - UNIVERSAL DECIMAL CLASSIFICATION NUMBER
Universal Decimal Classification number 615.854 MAH
082 00 - DEWEY DECIMAL CLASSIFICATION NUMBER
Classification number 615.854 MAH
Edition number 22
100 ## - Rafti
Rafti 10
101 ## - Shkurtesa
Shkurtesa NUT
245 00 - TITLE STATEMENT
Title Krause's food & nutrition therapy /
Statement of responsibility, etc [edited by] L. Kathleen Mahan, Sylvia Escott-Stump.
246 30 - VARYING FORM OF TITLE
Title proper/short title Food & nutrition therapy
246 3# - VARYING FORM OF TITLE
Title proper/short title Food and nutrition therapy
906 ## - LOCAL DATA ELEMENT F, LDF (RLIN)
a 7
b cbc
c origcop
d 2
e ncip
f 20
g y-gencatlg
942 ## - ADDED ENTRY ELEMENTS (KOHA)
Source of classification or shelving scheme
Item type Books
Holdings
Withdrawn status Lost status Source of classification or shelving scheme Damaged status Not for loan Collection code Permanent location Current location Shelving location Date acquired Total Checkouts Full call number Barcode Date last seen Price effective from Koha item type
          Koleksioni i përgjithshem UBT - Lipjan UBT - Lipjan Koleksioni i përgjithshem 03/09/2018   615.854 MAH 002-3000884 03/09/2018 03/09/2018 Books
UBT Library © 2015-2024. All rights reserved University Education for Business and Technology